[Event "Ogolnopolska Olimpiada Mlodziezy C-14"]
[Site "Spala"]
[Date "1899-12-30"]
[Round "7.16"]
[White "Miszkielo, Bartosz"]
[Black "Urbanski, Wojciech"]
[Result "0-1"]
[WhiteTitle "I"]
[BlackTitle "II"]
[WhiteElo "1707"]
[BlackElo "1400"]

1. c4 c5 2. Nf3 e6 3. b3 Nf6 4. Bb2 d5 5. d3 Nc6 6. g3 d4 7. Bg2 Be7 8. O-O O-O
9. e3 e5 10. h3 Bf5 11. g4 Bg6 12. e4 Nd7 13. Bc1 h5 14. g5 f5 15. Nh4 Be8 16.
Nxf5 Bxg5 17. Bxg5 Qxg5 18. Kh1 g6 19. Rg1 Qf6 20. Ng3 Qxf2 21. Bf1 Kh7 22. Rg2
Qf6 23. Be2 Qh4 24. Kh2 Nf6 25. Nd2 Bd7 26. Nf3 Ng4+ 27. Kg1 Rxf3 28. Bxf3 Ne3
29. Qe1 Nxg2 30. Bxg2 Qe7 31. Qe2 Rf8 32. Rf1 Rxf1+ 33. Qxf1 Kg7 34. a3 Qg5 35.
Kh2 h4 36. Ne2 Qd2 37. Nc1 Qe3 38. Na2 Na5 39. Nc1 Nc6 40. Na2 Qd2 41. Nc1 Qb2
42. a4 Qc3 43. Qd1 Nb4 44. Qf1 Qd2 45. Kh1 Nc2 46. Kh2 Ne3 0-1

[Event "Ogolnopolska Olimpiada Mlodziezy C-14"]
[Site "Spala"]
[Date "1899-12-30"]
[Round "7.17"]
[White "Tokarz, Krzysztof"]
[Black "Hrymowicz, Artur"]
[Result "0-1"]
[WhiteTitle "II"]
[BlackTitle "II"]
[WhiteElo "1498"]
[BlackElo "1425"]

1. e3 d5 2. b3 e5 3. Bb2 Bd6 4. f4 Qe7 5. Qe2 Nf6 6. fxe5 Bxe5 7. Nc3 Bg4 8. Nf3
c5 9. Qb5+ Nbd7 10. Nxd5 Bxb2 11. Nxe7 Bxa1 12. Nd5 Nxd5 13. Qxb7 N5b6 14. Bb5
Bf6 15. Qe4+ Be6 16. a4 Rd8 17. a5 Nd5 18. Ne5 Bxe5 19. Qxe5 O-O 20. Bxd7 Rxd7
21. O-O Rc8 22. d3 Nb4 23. Qc3 Nd5 24. Qe5 Nb4 25. Qb2 Rd6 26. Qc3 Ra6 27. d4
Nd5 28. Qd2 cxd4 29. exd4 Rc3 30. Ra1 Rac6 31. Qg5 f6 32. Qh5 g6 33. Qh6 Rxc2
34. h3 Re2 35. Ra4 Ne3 36. Ra1 Rcc2 37. Kh1 Bd5 38. Qf4 Rxg2 0-1

[Event "Ogolnopolska Olimpiada Mlodziezy C-14"]
[Site "Spala"]
[Date "1899-12-30"]
[Round "7.18"]
[White "Paliszewski, Dominik"]
[Black "Szustakowski, Antoni"]
[Result "0-1"]
[WhiteTitle "II"]
[BlackTitle "II"]
[WhiteElo "1648"]
[BlackElo "1621"]

1. e4 c5 2. Nf3 e6 3. c3 d5 4. exd5 Qxd5 5. d4 Nc6 6. Be2 Nf6 7. O-O Be7 8. Be3
cxd4 9. cxd4 O-O 10. Nc3 Qa5 11. a3 Nd5 12. Nxd5 Qxd5 13. Rc1 Bf6 14. Qd2 Rd8
15. Rfd1 a6 16. Bd3 g6 17. Bb1 b5 18. Rc5 Qd7 19. Bg5 Nxd4 20. Nxd4 Qxd4 21. Qxd4
Rxd4 22. Rdc1 Bxg5 23. Rxc8+ Kg7 24. Rxa8 Bxc1 25. f3 Be3+ 26. Kf1 Rd1+ 27. Ke2
Rxb1 28. Kxe3 Rxb2 29. Rxa6 Rxg2 30. Rb6 Ra2 31. Rxb5 Rxa3+ 32. Kf4 Ra4+ 33. Kg3
Rd4 34. h3 Rd5 35. Rb7 Rf5 36. Ra7 Kf6 37. Ra6 Rd5 38. Rb6 h5 39. Ra6 Kf5 40.
Ra7 f6 41. h4 e5 42. Ra4 Rd4 43. Ra5 Ke6 44. Ra6+ Rd6 45. Ra4 f5 46. Ra3 Kf6 47.
Rb3 Re6 48. Ra3 e4 49. f4 e3 50. Ra1 e2 51. Re1 Ke7 52. Kf3 Kd6 53. Rxe2 Rxe2
54. Kxe2 Kc5 55. Ke3 Kc4 56. Kd4+ 0-1

[Event "Ogolnopolska Olimpiada Mlodziezy C-14"]
[Site "Spala"]
[Date "1899-12-30"]
[Round "7.19"]
[White "Miasik, Adrian"]
[Black "Kubiak, Jakub"]
[Result "1/2-1/2"]
[WhiteTitle "II"]
[BlackTitle "I"]
[WhiteElo "1594"]
[BlackElo "1646"]

1. d4 Nf6 2. c4 g6 3. Nc3 Bg7 4. Nf3 O-O 5. e3 d6 6. Be2 Nbd7 7. O-O e5 8. dxe5
dxe5 9. Qc2 c6 10. e4 Qc7 11. h3 Re8 12. Be3 Nf8 13. Rad1 Ne6 14. Rd2 Nh5 15.
Rfd1 Nhf4 16. Na4 Nxe2+ 17. Rxe2 b6 18. Red2 Rd8 19. Rxd8+ Nxd8 20. Qd2 Ba6 21.
b3 Ne6 22. Qc1 Rd8 23. Rxd8+ Qxd8 24. Qd2 Qxd2 25. Bxd2 Nd4 26. Nxd4 exd4 27.
Kf1 Bf8 28. Nb2 b5 29. Ke2 bxc4 30. Nxc4 Bxc4+ 31. bxc4 c5 32. e5 Be7 33. g3 f6
34. exf6 Bxf6 35. Kd3 Kf7 36. Ke4 Ke6 37. f4 h6 38. h4 h5 39. Ba5 Be7 40. Bd2
Bd8 41. Be1 Ke5+ 1/2-1/2

[Event "Ogolnopolska Olimpiada Mlodziezy C-14"]
[Site "Spala"]
[Date "1899-12-30"]
[Round "7.20"]
[White "Laszczak, Przemyslaw"]
[Black "Mendak, Mateusz"]
[Result "1-0"]
[WhiteTitle "II+"]
[BlackTitle "II"]
[WhiteElo "1625"]
[BlackElo "1575"]

1. d4 d5 2. c4 e6 3. Nf3 Nf6 4. Bg5 h6 5. Bh4 Be7 6. Nc3 O-O 7. e3 b6 8. Bd3 Nbd7
9. O-O Bb7 10. Rc1 Rc8 11. Qe2 c5 12. Rfd1 Ne4 13. Bxe7 Nxc3 14. bxc3 Qxe7 15.
Rd2 Rfd8 16. Rb2 Rc7 17. Rbc2 Rdc8 18. h3 Ba6 19. Nd2 Nf6 20. Kh2 Bb7 21. Nf3
b5 22. Rb2 dxc4 23. Bc2 a6 24. a4 b4 25. Bb1 cxd4 26. Nxd4 b3 27. e4 e5 28. Nf5
Qa3 29. f4 Nxe4 30. fxe5 Ng5 31. Rd1 Qxa4 32. Nd6 Rf8 33. h4 Ne6 34. Nxb7 Rxb7
35. Qe4 Rfb8 36. Rf1 Qb5 37. Rbf2 a5 38. Qh7+ Kf8 39. Qh8+ Ke7 40. Qh7 1-0

[Event "Ogolnopolska Olimpiada Mlodziezy C-14"]
[Site "Spala"]
[Date "1899-12-30"]
[Round "7.21"]
[White "Wrobel, Michal"]
[Black "Holownia, Michal"]
[Result "1-0"]
[WhiteTitle "I"]
[BlackTitle "II"]
[WhiteElo "1746"]
[BlackElo "1576"]

1. e4 e5 2. Nf3 Nc6 3. Bc4 Bc5 4. d3 d6 5. Nc3 h6 6. Be3 Bb6 7. Qd2 Nf6 8. O-O-O
Be6 9. Bb3 Qd7 10. d4 Bxb3 11. axb3 O-O-O 12. d5 Ne7 13. Bxb6 axb6 14. b4 Nh5
15. Qe1 f5 16. Nd2 fxe4 17. Ndxe4 Rhf8 18. f4 Nxf4 19. Qd2 Nf5 20. b3 Qf7 21.
Nb5 Ne7 22. c4 Kd7 23. Kb2 Ra8 24. Rhe1 Qg6 25. g3 Nh5 26. c5 bxc5 27. bxc5 Rf3
28. cxd6 cxd6 29. Nexd6 e4 30. Nxe4 Qb6 31. d6 Nc6 32. Qd5 Qa5 33. Nc5+ Kc8 34.
Re8+ 1-0

[Event "Ogolnopolska Olimpiada Mlodziezy C-14"]
[Site "Spala"]
[Date "1899-12-30"]
[Round "7.22"]
[White "Trendowski, Michal"]
[Black "Modlich, Kacper"]
[Result "0-1"]
[WhiteTitle "II+"]
[BlackTitle "II+"]
[WhiteElo "1582"]
[BlackElo "1592"]

1. e4 c5 2. Nf3 d6 3. d4 cxd4 4. Nxd4 Nf6 5. Nc3 g6 6. f3 Bg7 7. Be3 O-O 8. Qd2
Nc6 9. O-O-O d5 10. Nxc6 bxc6 11. exd5 Nxd5 12. Nxd5 cxd5 13. Qxd5 Qc7 14. Qc4
Qe5 15. Qd4 Qb8 16. Qa4 Qxb2+ 17. Kd2 Qc3+ 18. Ke2 Bf5 19. Qb3 Bxc2 20. Qxc3 Bxd1+
21. Kxd1 Bxc3 22. Bc4 a5 23. Ke2 Rfd8 24. Rc1 Bd4 25. Bf4 e5 26. Bg5 Rac8 27.
Bh6 Rc5 28. Kd3 Rdc8 29. f4 Rd8 30. Bg5 Rd7 31. Rc2 exf4 32. Bxf4 Be5+ 0-1

[Event "Ogolnopolska Olimpiada Mlodziezy C-14"]
[Site "Spala"]
[Date "1899-12-30"]
[Round "7.23"]
[White "Bakalarczyk, Jakub"]
[Black "Krawczyk, Piotr"]
[Result "0-1"]
[WhiteTitle "II"]
[BlackTitle "II+"]
[WhiteElo "1442"]
[BlackElo "1513"]

1. d4 Nf6 2. c4 c5 3. d5 b5 4. cxb5 a6 5. bxa6 g6 6. Nc3 Bxa6 7. g3 d6 8. Bg2 Bg7
9. Nf3 Nbd7 10. O-O O-O 11. Re1 Qc7 12. e4 Rfb8 13. Qc2 Ng4 14. Nd2 Nge5 15. Bf1
Bxf1 16. Kxf1 c4 17. f4 Nd3 18. Re3 Nb6 19. Ne2 Bxb2 0-1

[Event "Ogolnopolska Olimpiada Mlodziezy C-14"]
[Site "Spala"]
[Date "1899-12-30"]
[Round "8.1"]
[White "Walter, Szymon"]
[Black "Janik, Igor"]
[Result "1/2-1/2"]
[WhiteTitle "I+"]
[BlackTitle "I++"]
[WhiteElo "1942"]
[BlackElo "2052"]

1. d4 Nf6 2. Bg5 c5 3. Bxf6 exf6 4. d5 d6 5. e4 Be7 6. Bd3 O-O 7. Ne2 Re8 8. O-O
Nd7 9. Ng3 Ne5 10. Be2 Qb6 11. b3 Ng6 12. f4 a5 13. Kh1 a4 14. Nd2 axb3 15. cxb3
Qc7 16. Bg4 b5 17. Bxc8 Qxc8 18. Nf5 Nf8 19. Rf3 g6 20. Ne3 Ra6 21. f5 Qa8 22.
fxg6 fxg6 23. a4 Qa7 24. Ng4 Nd7 25. Nh6+ Kg7 26. Rh3 Ne5 27. Nf3 bxa4 28. Nxe5
dxe5 29. bxa4 Qd7 30. Qd2 Bf8 31. a5 Rea8 32. Rg3 Kh8 33. Ng4 Qb5 34. Rga3 c4
35. Ra4 Bc5 36. h3 Bd4 37. Rb4 Qe8 38. Rab1 Qf8 39. Rxc4 Rxa5 40. Rbc1 Ra1 41.
Rxa1 Rxa1+ 42. Rc1 Qa3 1/2-1/2

[Event "Ogolnopolska Olimpiada Mlodziezy C-14"]
[Site "Spala"]
[Date "1899-12-30"]
[Round "8.2"]
[White "Gumularz, Szymon"]
[Black "Kowalski, Igor"]
[Result "1-0"]
[WhiteTitle "I++"]
[BlackTitle "I"]
[WhiteElo "2024"]
[BlackElo "1852"]

1. e4 c5 2. Nf3 e6 3. d4 cxd4 4. Nxd4 a6 5. Bd3 Bc5 6. Nb3 Ba7 7. Qe2 Nc6 8. O-O
d6 9. Be3 Bxe3 10. Qxe3 e5 11. c4 Nf6 12. Nc3 Be6 13. Rfd1 O-O 14. Be2 Qc7 15.
Rac1 Ne7 16. Na4 Rad8 17. f3 Nh5 18. Qb6 Qc6 19. Qb4 b6 20. Nxb6 Rb8 21. Rxd6
Rxb6 22. Qxb6 Qxb6+ 23. Rxb6 Nf4 24. Bf1 Rc8 25. c5 a5 26. Nxa5 Ra8 27. b4 Bxa2
28. g3 Ne6 29. Ra1 Nc8 30. Rxa2 Nxb6 31. cxb6 Rb8 32. Nc6 1-0

[Event "Ogolnopolska Olimpiada Mlodziezy C-14"]
[Site "Spala"]
[Date "1899-12-30"]
[Round "8.3"]
[White "Chylewski, Patryk"]
[Black "Koziol, Kamil"]
[Result "1-0"]
[WhiteTitle "I+"]
[BlackTitle "I++"]
[WhiteElo "1899"]
[BlackElo "2005"]

1. e4 e5 2. Nf3 Nc6 3. Bb5 a6 4. Ba4 Nf6 5. O-O Nxe4 6. d4 b5 7. Bb3 d5 8. dxe5
Be6 9. Nbd2 Nc5 10. c3 g6 11. Qe2 Bg7 12. Nd4 Ne7 13. Bc2 O-O 14. f4 Qc8 15. N2f3
Nb7 16. Nxe6 fxe6 17. Ng5 c5 18. Qg4 Nf5 19. Qh3 h6 20. Nf3 Qd7 21. g4 Ne7 22.
Nh4 Qe8 23. f5 exf5 24. gxf5 Nxf5 25. Bxf5 gxf5 26. Nxf5 Qxe5 27. Bxh6 Bxh6 28.
Nxh6+ Kg7 29. Nf5+ Kg8 30. Qg4+ Kf7 31. Qh5+ Kf6 32. Nd4+ 1-0

[Event "Ogolnopolska Olimpiada Mlodziezy C-14"]
[Site "Spala"]
[Date "1899-12-30"]
[Round "8.4"]
[White "Drozdowski, Konrad"]
[Black "Grela, Kacper"]
[Result "0-1"]
[WhiteTitle "I+"]
[BlackTitle "I+"]
[WhiteElo "1967"]
[BlackElo "2025"]

1. e4 c5 2. c4 Nc6 3. Ne2 e5 4. Nbc3 g6 5. g3 Bg7 6. Bg2 Nge7 7. O-O O-O 8. d3
d6 9. f4 Nd4 10. h3 Nec6 11. Be3 f5 12. Nd5 Be6 13. Nec3 a6 14. Bxd4 Nxd4 15.
Ne2 Rb8 16. Nxd4 cxd4 17. exf5 gxf5 18. a4 b5 19. axb5 axb5 20. b3 bxc4 21. bxc4
Kh8 22. Ra7 Rb2 23. Qc1 Qb8 24. Re7 Bxd5 25. Bxd5 e4 26. dxe4 Qb3 27. Qe1 d3 28.
e5 Qc2 29. Qf2 dxe5 30. Rxe5 Bxe5 31. fxe5 Qxf2+ 32. Rxf2 d2 33. Rf1 Rc2 34. Bf3
Re8 35. Bd1 Rc1 36. Kf2 Rxe5 37. g4 fxg4 38. hxg4 Kg7 39. Rh1 Kf6 40. Rh6+ Kg7
41. Rh1 Kg6 42. Rg1 h6 43. Rh1 Kf7 44. Rg1 Ke7 45. Rh1 Kd8 46. Rg1 Rxc4 47. Rh1
Rf4+ 48. Kg3 Re1 49. Rxh6 Rxd1 50. Kxf4 Rf1+ 0-1

[Event "Ogolnopolska Olimpiada Mlodziezy C-14"]
[Site "Spala"]
[Date "1899-12-30"]
[Round "8.5"]
[White "Karpus, Michal"]
[Black "Woloch, Oskar"]
[Result "1/2-1/2"]
[WhiteTitle "I+"]
[BlackTitle "I+"]
[WhiteElo "1902"]
[BlackElo "1892"]

1. e4 e5 2. Nf3 Nc6 3. Bc4 Bc5 4. c3 Nf6 5. d3 a6 6. Bb3 Ba7 7. Nbd2 O-O 8. O-O
d5 9. h3 dxe4 10. dxe4 Qe7 11. Re1 h6 12. Nf1 Bd7 13. Ng3 Rad8 14. Qe2 Na5 15.
Nh4 Nxb3 16. axb3 Be6 17. Nhf5 Qd7 18. Nh5 Nxh5 19. Qxh5 Bxf5 20. exf5 f6 21.
Ra4 Qf7 22. Qh4 Qxb3 23. Rg4 Rf7 24. Bxh6 Rd1 25. Rxd1 Qxd1+ 26. Kh2 Qd7 27. Qg3
Kf8 28. Be3 Bxe3 29. Qxe3 Qxf5 30. Qa7 g5 31. f3 c6 32. Qb8+ Kg7 33. h4 Re7 34.
Qd8 Qd7 35. Qb8 Qc7 36. Qxc7 Rxc7 37. hxg5 f5 38. Rc4 Kg6 39. Rc5 Re7 40. Kg3
Kxg5 41. Kf2 Kf6 42. Rc4 Rd7 43. Ke2 Rg7 44. Kf2 Ke6 45. Rh4 f4 46. Rh8 Rd7 47.
Ke2 c5 48. b3 Rd6 49. Rh7 Rd7 50. Rh8 Rg7 51. Rh6+ Kd7 52. Kf2 Re7 53. Rh4 Kd6
54. Ke2 a5 55. c4 Ke6 56. Rh8 Rg7 57. Kf2 Kd6 58. Rh6+ Kd7 59. Rb6 Kc7 60. Re6
Rg5 61. Re7+ Kb6 62. Re6+ Ka7 63. Kg1 b6 64. Re7+ Ka6 65. Re8 Rh5 66. Ra8+ Kb7
67. Re8 Rf5 68. Kf2 Rh5 69. Kg1 Kc7 70. Re6 Rf5 71. Kf2 Rg5 72. Re7+ Kd6 73. Rb7
Kc6 74. Re7 b5 75. Re6+ Kd7 76. Rb6 b4 77. Ra6 Kc7 78. Rxa5 1/2-1/2

[Event "Ogolnopolska Olimpiada Mlodziezy C-14"]
[Site "Spala"]
[Date "1899-12-30"]
[Round "8.6"]
[White "Klepek, Witold"]
[Black "Sernecki, Franciszek"]
[Result "1-0"]
[WhiteTitle "I"]
[BlackTitle "I"]
[WhiteElo "1815"]
[BlackElo "1773"]

1. e4 c5 2. Nf3 Nc6 3. d4 cxd4 4. Nxd4 g6 5. c4 Nf6 6. Nc3 Nxd4 7. Qxd4 d6 8. Be3
Bg7 9. f3 O-O 10. Qd2 b6 11. Be2 Bb7 12. O-O Rc8 13. Rac1 Nd7 14. Rfd1 a5 15.
Nd5 Nc5 16. b3 Bxd5 17. cxd5 Qd7 18. Rc2 Rc7 19. Rdc1 Rfc8 20. Qe1 Rb8 21. Kh1
Ra7 22. Qf1 e6 23. Bb5 Qe7 24. Bc6 Na6 25. a3 Nc7 26. Qf2 Ra6 27. a4 Qd8 28. Bb5
Nxb5 29. axb5 Raa8 30. dxe6 fxe6 31. Rc6 a4 32. bxa4 Rxa4 33. Qd2 Qf6 34. Qxd6
Rd8 35. Qxe6+ Qxe6 36. Rxe6 Bb2 37. Rb1 Bd4 38. Bxd4 Raxd4 39. h3 R4d6 40. Rxd6
Rxd6 41. Kh2 Rd3 42. Kg3 Rd2 43. e5 Kf7 44. f4 Re2 45. Kf3 Rc2 46. Rb3 h6 47.
g4 Rc1 48. Ke4 Rd1 49. f5 gxf5+ 50. gxf5 h5 51. Rc3 1-0

[Event "Ogolnopolska Olimpiada Mlodziezy C-14"]
[Site "Spala"]
[Date "1899-12-30"]
[Round "8.7"]
[White "Zaleski, Lukasz"]
[Black "Tamon, Radoslaw"]
[Result "1/2-1/2"]
[WhiteTitle "I"]
[BlackTitle "I"]
[WhiteElo "1876"]
[BlackElo "1707"]

1. Nf3 Nf6 2. g3 c5 3. Bg2 g6 4. O-O Bg7 5. d3 d5 6. Nbd2 O-O 7. e4 d4 8. a4 Nc6
9. Nc4 Re8 10. Ne1 e5 11. f4 exf4 12. gxf4 Ng4 13. h3 Nh6 14. f5 gxf5 15. Qh5
Qf6 16. Bg5 Qg6 17. Qxg6 fxg6 18. Nd6 Rf8 19. exf5 Nxf5 20. Bd5+ Kh8 21. Nf7+
Kg8 22. Nd8+ Kh8 23. Nf7+ Kg8 24. Nd8+ Kh8 25. Nxc6 bxc6 26. Bxc6 Rb8 27. b3 Bb7
28. Bxb7 Rxb7 29. Ng2 Rbf7 30. Rae1 h6 31. Bd2 Rf6 32. Bf4 R6f7 33. Be5 Re7 34.
Bxg7+ Kxg7 35. Rxe7+ Nxe7 36. Re1 Nd5 37. Re5 Rf5 38. Re8 Rf8 39. Re6 Rf6 40.
Re8 Rf8 41. Re6 Rf6 42. Re8 Rf8 43. Re6 1/2-1/2

[Event "Ogolnopolska Olimpiada Mlodziezy C-14"]
[Site "Spala"]
[Date "1899-12-30"]
[Round "8.8"]
[White "Raczynski, Krzysztof"]
[Black "Janiszewski, Filip"]
[Result "1-0"]
[WhiteTitle "I"]
[BlackTitle "I"]
[WhiteElo "1634"]
[BlackElo "1824"]

1. e4 e5 2. Nf3 Nc6 3. Bb5 a6 4. Ba4 Nf6 5. O-O b5 6. Bb3 Be7 7. Re1 d6 8. c3 O-O
9. d4 exd4 10. cxd4 Bg4 11. Qc2 Qd7 12. Nbd2 Na5 13. Qc3 Nxb3 14. Nxb3 Bxf3 15.
Qxf3 c5 16. d5 Ng4 17. Bf4 Bf6 18. Bxd6 Qxd6 19. Qxg4 Bxb2 20. Rad1 c4 21. Nd4
Bxd4 22. Rxd4 Rfe8 23. Qg3 Qxg3 24. hxg3 f6 25. f3 Kf7 26. Kf2 Ke7 27. Ke3 Kd6
28. Rh1 h6 29. a3 Rac8 30. Rc1 Rc5 31. Rd2 a5 32. Kd4 Rb8 33. Rb2 Rc7 34. a4 Rcb7
35. Rxb5 Rxb5 36. axb5 Rxb5 37. Rxc4 Rb2 38. Ra4 Rxg2 39. g4 Rb2 40. Rxa5 Rb4+
41. Kc3 Rb7 42. f4 g5 43. Ra6+ Ke7 44. e5 gxf4 45. Rxf6 Rb5 46. d6+ Kd7 47. Rf7+
Ke8 48. d7+ Kd8 49. e6 Rd5 50. Rf8+ 1-0

[Event "Ogolnopolska Olimpiada Mlodziezy C-14"]
[Site "Spala"]
[Date "1899-12-30"]
[Round "8.9"]
[White "Wyczling, Bartosz"]
[Black "Leskiewicz, Ignacy"]
[Result "1-0"]
[WhiteTitle "I"]
[BlackTitle "I"]
[WhiteElo "1747"]
[BlackElo "1685"]

1. d4 Nf6 2. Nf3 e6 3. Bg5 Be7 4. Nbd2 d5 5. e3 Nbd7 6. Bd3 O-O 7. c3 c5 8. Ne5
h6 9. h4 Nxe5 10. dxe5 Nd7 11. Bxe7 Qxe7 12. f4 f6 13. Nf3 fxe5 14. fxe5 b6 15.
Qe2 Bb7 16. O-O-O Rac8 17. Rh3 a5 18. Bc2 c4 19. g4 Kf7 20. g5 Ke8 21. gxh6 gxh6
22. Rg1 b5 23. Rg6 b4 24. Rxh6 bxc3 25. bxc3 Nc5 26. Rh7 Nd3+ 27. Bxd3 Qa3+ 28.
Kd2 cxd3 29. Qxd3 Qxa2+ 30. Qc2 Qxc2+ 31. Kxc2 Bc6 32. Ra7 a4 33. h5 Rf7 34. Rxf7
Kxf7 35. Ng5+ Ke7 36. h6 Be8 37. h7 Bg6+ 38. Kb2 Rh8 39. Rh6 Bf5 40. Ka3 Kf8 41.
Kxa4 Kg7 42. Rf6 Ra8+ 43. Kb4 Ra6 44. Rf7+ Kg6 45. h8=Q Kxg5 46. Rg7+ Bg6 47.
Qd8+ Kh5 48. Qf6 Rb6+ 49. Kc5 Rb5+ 50. Kxb5 Be8+ 51. Ka4 1-0

[Event "Ogolnopolska Olimpiada Mlodziezy C-14"]
[Site "Spala"]
[Date "1899-12-30"]
[Round "8.10"]
[White "Sulkowski, Andrzej"]
[Black "Szmer, Aleksander"]
[Result "0-1"]
[WhiteTitle "II+"]
[BlackTitle "I"]
[WhiteElo "1585"]
[BlackElo "1732"]

1. d4 d5 2. c4 e5 3. dxe5 d4 4. Nf3 Nc6 5. g3 Bg4 6. Bg2 Qd7 7. O-O Nge7 8. Nbd2
Ng6 9. a3 O-O-O 10. b4 Ncxe5 11. Bb2 Nxf3+ 12. Nxf3 d3 13. e3 Qf5 14. Re1 d2 15.
Rf1 f6 16. Qe2 Qc2 17. Bd4 Ne5 18. h3 d1=Q 19. Qxd1 Qxd1 20. Raxd1 Bxf3 21. Bxf3
Nxf3+ 22. Kg2 Nxd4 23. exd4 c6 24. Rfe1 Bd6 25. c5 Bc7 26. Re7 Rd7 27. Rde1 Rhd8
28. h4 Rxe7 29. Rxe7 Rd7 30. Re8+ Bd8 31. Rh8 g6 32. Kh3 Kc7 33. g4 Rf7 34. f4
Kd7 35. Kg3 g5 36. hxg5 fxg5 37. f5 Bf6 38. Rb8 Kc7 39. Rg8 Bxd4 40. Rxg5 Bb2
41. Rh5 Bxa3 42. g5 Bxb4 43. Kg4 Bxc5 44. g6 hxg6 45. fxg6 Rg7 46. Rxc5 Rxg6+
47. Kf5 Rh6 48. Ke4 b5 49. Kd4 Kb6 50. Rg5 a5 51. Rf5 Rh4+ 52. Kc3 a4 53. Rf6
b4+ 54. Kb2 Rh2+ 55. Kb1 Kb5 56. Rf5+ c5 57. Rf4 a3 58. Rg4 b3 59. Rg1 Kb4 60.
Rg4+ c4 0-1

[Event "Ogolnopolska Olimpiada Mlodziezy C-14"]
[Site "Spala"]
[Date "1899-12-30"]
[Round "8.11"]
[White "Hrymowicz, Artur"]
[Black "Lukasiewicz, Krzysztof"]
[Result "0-1"]
[WhiteTitle "II"]
[BlackTitle "I"]
[WhiteElo "1425"]
[BlackElo "1803"]

1. e4 c6 2. d4 d5 3. exd5 cxd5 4. Bd3 Nc6 5. c3 Qc7 6. Nf3 Nf6 7. O-O g6 8. Re1
Bf5 9. Bg5 Ne4 10. Bh4 Bg7 11. Qb3 O-O 12. Bxe4 Bxe4 13. Nbd2 Na5 14. Qb4 Nc6
15. Qb3 Bxf3 16. Nxf3 e6 17. Bg3 Qd7 18. Ne5 Nxe5 19. Bxe5 Bxe5 20. Rxe5 Rfc8
21. Rae1 Rab8 22. f4 b5 23. f5 gxf5 24. Qd1 Kh8 25. Qh5 Rg8 26. R1e3 Rg7 27. Qh6
Rbg8 28. Qf6 Qd8 29. Qxd8 Rxd8 30. Kf2 Rc8 31. g3 Rgg8 32. Re1 Rc4 33. a3 a5 34.
Ra1 Kg7 35. Re3 Rgc8 36. h3 Kf6 37. Ke2 b4 38. axb4 axb4 39. Kd2 bxc3+ 40. bxc3
Rb8 41. Kc2 Rc6 42. Ra2 Rcb6 43. Re1 R6b7 44. Rf1 Rg8 45. Rf3 Ke7 46. Re3 f4 47.
Rf3 fxg3 48. Ra1 g2 49. Rg1 Ra7 50. Kb2 Rb8+ 51. Kc2 Ra2+ 52. Kd3 Rg8 53. Ke3
f5 54. Kd3 f4 55. c4 Ra3+ 56. Ke2 Rxf3 57. Kxf3 dxc4 58. Kxf4 Kd6 59. Ke4 Rg7
60. Kf3 Kd5 61. Ke3 c3 62. Kd3 Rg3+ 63. Kc2 Kc4 64. h4 h5 65. d5 exd5 66. Kc1
Kb3 67. Kb1 Rg8 68. Kc1 Ra8 69. Rxg2 Ra1# 0-1

[Event "Ogolnopolska Olimpiada Mlodziezy C-14"]
[Site "Spala"]
[Date "1899-12-30"]
[Round "8.12"]
[White "Urbanski, Wojciech"]
[Black "Blocinski, Maciej"]
[Result "1/2-1/2"]
[WhiteTitle "II"]
[BlackTitle "I"]
[WhiteElo "1400"]
[BlackElo "1665"]

1. e4 e5 2. Nf3 Nc6 3. Bc4 Nf6 4. Ng5 d5 5. exd5 b5 6. Bf1 Qxd5 7. Nc3 Qd7 8. Bxb5
Bb7 9. Qe2 Be7 10. d3 O-O 11. O-O Nd5 12. Nxd5 Qxd5 13. Bxc6 Qxc6 14. Qe4 Qxe4
15. Nxe4 f5 16. Nc3 a6 17. Bd2 Rae8 18. Be3 f4 19. Bd2 h5 20. Ne4 g5 21. Bc3 Bxe4
22. dxe4 Bc5 23. Rad1 g4 24. Kh1 h4 25. f3 g3 26. h3 Re7 27. Rd5 Bd6 28. Rfd1
Kf7 29. Kg1 Rb8 30. Kf1 Rb5 31. a3 Ke6 32. b4 Rxd5 33. Rxd5 c6 34. Rd3 Rb7 35.
Bd2 c5 36. Rb3 c4 37. Rb1 a5 38. Ke2 Rc7 39. bxa5 Bxa3 40. Rb6+ Kd7 41. Bc3 Bd6
42. Bb4 Bxb4 43. Rxb4 Rc5 44. Ra4 Kc7 45. Kd2 Kb7 46. Kc3 Rc6 1/2-1/2

[Event "Ogolnopolska Olimpiada Mlodziezy C-14"]
[Site "Spala"]
[Date "1899-12-30"]
[Round "8.13"]
[White "Choina, Michal"]
[Black "Poplawski, Maciej"]
[Result "1/2-1/2"]
[WhiteTitle "II"]
[BlackTitle "II"]
[WhiteElo "1627"]
[BlackElo "1591"]

1. e4 c6 2. d4 d5 3. Nc3 dxe4 4. Nxe4 Nf6 5. Nxf6+ exf6 6. Bc4 Bd6 7. Qe2+ Qe7
8. Qxe7+ Kxe7 9. Ne2 Be6 10. Bxe6 fxe6 11. O-O Nd7 12. Re1 Kf7 13. Bf4 Bxf4 14.
Nxf4 e5 15. dxe5 Nxe5 16. Rad1 Rad8 17. b3 Rhe8 18. f3 g5 19. Nh3 Ng6 20. Nf2
Rxe1+ 21. Rxe1 Rd2 22. Ne4 Rd8 23. Re2 h6 24. Rd2 Rxd2 25. Nxd2 Ke6 26. Kf2 f5
27. g3 Ne5 28. Ke3 c5 29. a4 b6 30. h3 Nc6 31. c3 h5 32. f4 g4 33. h4 a6 34. c4
Nd4 35. Kd3 Kd6 36. b4 a5 37. b5 Ne6 38. Nb1 Nc7 39. Nc3 Ke6 40. Ke3 Kd6 41. Kf2
Ke5 1/2-1/2

[Event "Ogolnopolska Olimpiada Mlodziezy C-14"]
[Site "Spala"]
[Date "1899-12-30"]
[Round "8.14"]
[White "Karwat, Szymon"]
[Black "Bilczewski, Kacper"]
[Result "0-1"]
[WhiteTitle "II"]
[BlackTitle "I"]
[WhiteElo "1379"]
[BlackElo "1801"]

1. e4 e6 2. d4 d5 3. Nd2 Nf6 4. e5 Nfd7 5. Bd3 c5 6. c3 Nc6 7. Ne2 cxd4 8. cxd4
f6 9. f4 fxe5 10. dxe5 Bc5 11. Ng3 O-O 12. Nf3 g6 13. Ng5 Ndxe5 14. fxe5 Bf2+
15. Kd2 Qxg5+ 16. Kc2 Qxe5 17. Bd2 Qd6 18. a3 e5 19. Rc1 e4 20. Be2 Qe5 21. Kb1
Be6 22. Bb5 Rac8 23. Bxc6 bxc6 24. Qe2 Bd4 25. Be3 Bxe3 26. Qxe3 d4 27. Qe2 e3
28. Rhe1 Qd5 29. Qd3 Rb8 30. Kc2 Rf2+ 31. Re2 Rxe2+ 32. Qxe2 Qb3+ 0-1

[Event "Ogolnopolska Olimpiada Mlodziezy C-14"]
[Site "Spala"]
[Date "1899-12-30"]
[Round "8.15"]
[White "Filewicz, Radoslaw"]
[Black "Szustakowski, Antoni"]
[Result "1/2-1/2"]
[WhiteTitle "I"]
[BlackTitle "II"]
[WhiteElo "1508"]
[BlackElo "1621"]

1. d4 Nf6 2. Nf3 g6 3. g3 Bg7 4. Bg2 O-O 5. O-O d6 6. Re1 c5 7. c3 Nbd7 8. Nbd2
Re8 9. e4 e5 10. dxe5 dxe5 11. Nc4 Qc7 12. Nd6 Rf8 13. Nxc8 Raxc8 14. Qc2 Rfd8
15. Be3 a6 16. h3 c4 17. Rad1 b5 18. a4 Nc5 19. Bxc5 Qxc5 20. axb5 axb5 21. Nd2
Rd3 22. Nf1 Rxd1 23. Rxd1 Ra8 24. Ne3 Rc8 25. Nd5 Rd8 26. Nb4 Qc7 27. Qe2 Rxd1+
28. Qxd1 Qd7 29. Qc2 Bf8 30. Nd5 Nxd5 31. exd5 Bc5 32. b3 cxb3 33. Qxb3 Qb7 34.
h4 Qb6 35. Qb2 Bd6 36. Bf3 b4 37. Kg2 Qc5 38. cxb4 Qxb4 39. Qc1 Qc5 40. Qd1 Qd4
41. Qb1 Bc5 42. Qc2 Bd6 43. Qd1 Bc5 44. Qc2 1/2-1/2

[Event "Ogolnopolska Olimpiada Mlodziezy C-14"]
[Site "Spala"]
[Date "1899-12-30"]
[Round "8.16"]
[White "Gaj, Szymon"]
[Black "Rak, Maciej"]
[Result "1/2-1/2"]
[WhiteTitle "II+"]
[BlackTitle "II"]
[WhiteElo "1544"]
[BlackElo "1395"]

1. d4 d5 2. c4 e6 3. Nc3 Nf6 4. cxd5 exd5 5. Bg5 Be7 6. Qc2 h6 7. Bh4 O-O 8. e3
b6 9. Bd3 Bb7 10. Nge2 Nbd7 11. O-O c5 12. f3 Kh8 13. Bf5 Re8 14. Rad1 g6 15.
Bh3 Kg7 16. Bf2 Bf8 17. Kh1 Kg8 18. Nf4 g5 19. Nfe2 a6 20. a4 Qc7 21. Bf5 Rad8
22. e4 cxd4 23. Bxd4 dxe4 24. fxe4 Bxe4 25. Bxe4 Nxe4 26. Qb3 Ndc5 27. Nxe4 Nxe4
28. Bxb6 Rxd1 29. Rxd1 Rb8 30. Bxc7 Rxb3 31. Rd4 Rxb2 32. Rxe4 Rb1+ 33. Ng1 Bc5
34. Re8+ Kg7 35. h3 Bxg1 36. Be5+ f6 37. Bg3 Bf2+ 38. Kh2 Bxg3+ 39. Kxg3 Ra1 40.
Re4 Ra3+ 41. Kf2 Ra2+ 42. Kg3 Kg6 43. Rc4 Ra3+ 44. Kf2 Ra2+ 45. Kf3 Ra3+ 46. Kf2
a5 47. Rd4 h5 48. Rc4 h4 1/2-1/2

[Event "Ogolnopolska Olimpiada Mlodziezy C-14"]
[Site "Spala"]
[Date "1899-12-30"]
[Round "8.17"]
[White "Pietras, Daniel"]
[Black "Wrobel, Michal"]
[Result "0-1"]
[WhiteTitle "II+"]
[BlackTitle "I"]
[WhiteElo "1509"]
[BlackElo "1746"]

1. e4 e6 2. d4 d5 3. exd5 exd5 4. Bd3 Nc6 5. c3 Bd6 6. Nf3 Nge7 7. Bg5 f6 8. Bh4
Bg4 9. Nbd2 Qd7 10. b4 O-O-O 11. Qa4 Qe6+ 12. Kd1 Ng6 13. Bg3 Kb8 14. Re1 Qd7
15. Bb5 Nf4 16. Bxc6 bxc6 17. Bxf4 Bxf4 18. Kc2 Qf5+ 19. Kb3 Bxd2 20. Nxd2 Qxf2
21. h3 Bd7 22. Rad1 Rhe8 23. Rxe8 Rxe8 24. Qa6 Qe2 25. Qxe2 Rxe2 26. Kc2 Rxg2
27. Rh1 Bf5+ 28. Kc1 Kc8 29. h4 Be4 30. Re1 f5 31. Nxe4 dxe4 32. Rf1 g6 33. a4
h5 34. Kd1 Kd7 35. Ke1 Kd6 36. Rh1 Kd5 37. Kf1 Rg4 38. Rh3 Kc4 39. Kf2 f4 40.
Ke2 Rg2+ 41. Kd1 f3 42. Ke1 Kxc3 43. b5 cxb5 44. axb5 Kxd4 45. b6 cxb6 46. Kf1
a5 47. Rh1 a4 48. Rg1 a3 49. Rxg2 fxg2+ 50. Kg1 a2 51. Kh2 a1=Q 52. Kh3 Qh1+ 53.
Kg3 g1=R+ 54. Kf4 Qf3# 0-1